Bioquímica (Record no. 5463)

MARC details
000 -LEADER
campo de control de longitud fija 00779nam a2200241 i 4500
001 - NÚMERO DE CONTROL
campo de control 5463
003 - IDENTIFICADOR DE NÚMERO DE CONTROL
campo de control ES-MaACL
005 - FECHA Y HORA DE LA ÚLTIMA TRANSACCIÓN
campo de control 20250815112558.0
007 - CAMPO FIJO DE DESCRIPCIÓN FÍSICA--INFORMACIÓN GENERAL
campo de control de longitud fija t|
008 - DATOS DE LONGITUD FIJA--INFORMACIÓN GENERAL
campo de control de longitud fija 880625s1986 sp ||||1| spa d
020 ## - NÚMERO INTERNACIONAL ESTÁNDAR DEL LIBRO
Número Internacional Estándar del Libro 84-291-7125-8
080 ## - NÚMERO DE LA CLASIFICACIÓN DECIMAL UNIVERSAL
Número de la Clasificación Decimal Universal 577.1(075.8)
080 ## - NÚMERO DE LA CLASIFICACIÓN DECIMAL UNIVERSAL
Número de la Clasificación Decimal Universal 616-074(075.8)
245 00 - MENCIÓN DEL TÍTULO
Título Bioquímica
Resto del título : libro de texto con aplicaciones clínicas /
Mención de responsabilidad, etc. [coordinador] Thomas M. Devlin ; versión española por Claudio Cuchillo.
260 ## - PUBLICACIÓN, DISTRIBUCIÓN, ETC.
Lugar de publicación, distribución, etc. Barcelona [etc.] :
Nombre del editor, distribuidor, etc. Reverte,
Fecha de publicación, distribución, etc. D.L.1986.
300 ## - DESCRIPCIÓN FÍSICA
Extensión 2 v. (XXIV, 1208 p.) ;
Dimensiones 24 cm.
500 ## - NOTA GENERAL
Nota general Indices.
650 07 - PUNTO DE ACCESO ADICIONAL DE MATERIA--TÉRMINO DE MATERIA
Término de materia o nombre geográfico como elemento de entrada Bioquímica
Fuente del encabezamiento o término embne
9 (RLIN) 136796
700 1# - ENTRADA AGREGADA--NOMBRE PERSONAL
Nombre de persona Devlin, Thomas M.
9 (RLIN) 44018
700 1# - ENTRADA AGREGADA--NOMBRE PERSONAL
Nombre de persona Cuchillo, Claudio.
9 (RLIN) 41956
852 ## - LOCALIZACIÓN
Ubicación ES-MaACL
Número de control de estantería L-12105-106
Sublocalización o colección R.115135
Nota libre . - Rust.
Holdings
Estatus retirado Estado de pérdida Estado de daño No para préstamo Biblioteca de origen Biblioteca actual Ubicación en estantería Fecha de adquisición Fuente de adquisición Total de préstamos Signatura topográfica completa Código de barras Visto por última vez Precio de reemplazo Tipo de ítem Koha
        Biblioteca del Ateneo de Madrid Biblioteca del Ateneo de Madrid Depósito 2 17/01/2008     L-12105-106 1005531 23/02/2023 23/02/2023 Libro impreso